<?xml version="1.0" encoding="UTF-8"?>
<record
    xmlns:xsi="http://www.w3.org/2001/XMLSchema-instance"
    xsi:schemaLocation="http://www.loc.gov/MARC21/slim http://www.loc.gov/standards/marcxml/schema/MARC21slim.xsd"
    xmlns="http://www.loc.gov/MARC21/slim">

  <leader>01276nam a2200253 a 4500</leader>
  <controlfield tag="005">20191217042707.0</controlfield>
  <controlfield tag="008">170918s2017    ck abo|| |||| 00| 0 spa d</controlfield>
  <datafield tag="040" ind1=" " ind2=" ">
    <subfield code="a">CO-BoIAVH </subfield>
    <subfield code="c">CO-BoIAVH </subfield>
  </datafield>
  <datafield tag="041" ind1="0" ind2=" ">
    <subfield code="a">spa</subfield>
  </datafield>
  <datafield tag="044" ind1=" " ind2=" ">
    <subfield code="a">ck</subfield>
  </datafield>
  <datafield tag="082" ind1="0" ind2="4">
    <subfield code="a">304.25</subfield>
    <subfield code="b">P69r</subfield>
  </datafield>
  <datafield tag="245" ind1="0" ind2="0">
    <subfield code="a">Plan regional integral de cambio clim&#xE1;tico para la Orinoqu&#xED;a / </subfield>
  </datafield>
  <datafield tag="260" ind1=" " ind2=" ">
    <subfield code="a">Cali (Colombia) :</subfield>
    <subfield code="b">Centro Internacional de Agricultura Tropical (CIAT),</subfield>
    <subfield code="c">2017.</subfield>
  </datafield>
  <datafield tag="300" ind1=" " ind2=" ">
    <subfield code="a">150 p&#xE1;ginas : </subfield>
    <subfield code="b">ilustraciones a color, mapas a color y fotograf&#xED;as a color ; </subfield>
    <subfield code="c">29 x 25 cm.</subfield>
  </datafield>
  <datafield tag="504" ind1=" " ind2=" ">
    <subfield code="a">Incluye referencias bibliogr&#xE1;ficas.</subfield>
  </datafield>
  <datafield tag="650" ind1="2" ind2="6">
    <subfield code="a">Cambio clim&#xE1;tico</subfield>
    <subfield code="z">Orinoquia (Regi&#xF3;n, Colombia)</subfield>
  </datafield>
  <datafield tag="650" ind1="2" ind2="6">
    <subfield code="a">Gases de efecto invernadero</subfield>
    <subfield code="z">Orinoquia (Regi&#xF3;n, Colombia)</subfield>
    <subfield code="v">Inventario</subfield>
  </datafield>
  <datafield tag="650" ind1="2" ind2="6">
    <subfield code="a">Cambio clim&#xE1;tico</subfield>
    <subfield code="x">Impacto ambiental</subfield>
    <subfield code="z">Orinoquia (Regi&#xF3;n, Colombia)</subfield>
  </datafield>
  <datafield tag="650" ind1="2" ind2="6">
    <subfield code="a">Cambio clim&#xE1;tico</subfield>
    <subfield code="x">adaptaci&#xF3;n al cambio clim&#xE1;tico</subfield>
    <subfield code="z">Orinoquia (Regi&#xF3;n, Colombia)</subfield>
  </datafield>
  <datafield tag="650" ind1="2" ind2="6">
    <subfield code="a">Cambio clim&#xE1;tico</subfield>
    <subfield code="x">mitigaci&#xF3;n del cambio clim&#xE1;tico</subfield>
    <subfield code="z">Orinoquia (Regi&#xF3;n, Colombia)</subfield>
  </datafield>
  <datafield tag="710" ind1="2" ind2=" ">
    <subfield code="a">Centro Internacional de Agricultura Tropical  (CIAT)</subfield>
  </datafield>
  <datafield tag="710" ind1="2" ind2=" ">
    <subfield code="a">Corporaci&#xF3;n para el Desarrollo Sostenible del &#xC1;rea de Manejo Especial la Macarena. CORMACARENA</subfield>
  </datafield>
  <datafield tag="942" ind1=" " ind2=" ">
    <subfield code="2">ddc</subfield>
    <subfield code="c">LIBRO</subfield>
  </datafield>
  <datafield tag="999" ind1=" " ind2=" ">
    <subfield code="c">19834</subfield>
    <subfield code="d">19834</subfield>
  </datafield>
  <datafield tag="952" ind1=" " ind2=" ">
    <subfield code="0">0</subfield>
    <subfield code="1">0</subfield>
    <subfield code="2">ddc</subfield>
    <subfield code="4">0</subfield>
    <subfield code="7">0</subfield>
    <subfield code="8">GENERAL</subfield>
    <subfield code="I">INV2017</subfield>
    <subfield code="a">Bogota</subfield>
    <subfield code="b">Bogota</subfield>
    <subfield code="d">2017-09-18</subfield>
    <subfield code="e">Instituto</subfield>
    <subfield code="g">39000.00</subfield>
    <subfield code="l">0</subfield>
    <subfield code="o">LB-304.25 P69r</subfield>
    <subfield code="p">041666</subfield>
    <subfield code="r">2017-09-18 00:00:00</subfield>
    <subfield code="t">Ej. 1</subfield>
    <subfield code="w">2017-09-18</subfield>
    <subfield code="x">Donacion</subfield>
    <subfield code="y">LIBRO</subfield>
  </datafield>
</record>
